Widok standardowy
Widok MARC
Pozycja Personal Name
Liczba rekordów, w których użyto hasła: 1
001 - Numer kontrolny
- control field: 40780
003 - Identyfikator numeru kontrolnego
- control field: NUKAT
005 - Data i czas ostatniej modyfikacji
- control field: 20260428110823.0
008 - Dane kontrolne kodowane (40 znaków)
- fixed length control field: 010104n||aaznnbabn |a ana |c
010 ## - Numer kontrolny Biblioteki Kongresu
- numer kontrolny LC: s 01350376
040 ## - Instytucja sporządzająca rekord
- inst. przygot. dane do rek. khw: LUBL U/AGA
- język haseł przedmiotowych/tezaurus: kaba
- inst. wprow. rek. khw: LUBL U
- inst. modyf. rek. khw: WA U/BD
100 1# - Hasło - nazwa osobowa
- nazwa osobowa w formie ujednoliconej: Kotlarz, Roman
- daty biograficzne: (1928-1976)
- określnik formy/nie używ.: biografie.